Linear algebra : a geometric approach (Record no. 16092)

MARC details
000 -LEADER
fixed length control field 00624 am a2200217 a 4500
000 - LEADER
fixed length control field BKB
001 - CONTROL NUMBER
control field 153465
005 - DATE AND TIME OF LATEST TRANSACTION
control field 20200902161101.0
008 - FIXED-LENGTH DATA ELEMENTS--GENERAL INFORMATION
fixed length control field 907 ###
020 ## - INTERNATIONAL STANDARD BOOK NUMBER
International Standard Book Number 9781429215213
082 ## - DEWEY DECIMAL CLASSIFICATION NUMBER
Classification number 512.55
Item number S61L
100 1# - MAIN ENTRY--PERSONAL NAME
Personal name Shifrin, Theodore
245 1# - TITLE STATEMENT
Title Linear algebra : a geometric approach
Statement of responsibility, etc by Theodore, Shifrin and Malcolm R. Adams
250 ## - EDITION STATEMENT
Edition statement 2nd ed.
260 ## - PUBLICATION, DISTRIBUTION, ETC. (IMPRINT)
Place of publication, distribution, etc New York
Name of publisher, distributor, etc W.H. Freeman and Company
Date of publication, distribution, etc 2011
300 ## - PHYSICAL DESCRIPTION
Extent 372p.
630 ## - SUBJECT ADDED ENTRY--UNIFORM TITLE
Uniform title Mathematics
690 ## - LOCAL SUBJECT ADDED ENTRY--TOPICAL TERM (OCLC, RLIN)
Topical term or geographic name as entry element Algebras, Linear; Geometric
700 ## - ADDED ENTRY--PERSONAL NAME
Personal name Adams, Malcolm R.
Numeration
Titles and other words associated with a name
964 ## -
--
-- ENG
--
--
--
--
--
Holdings
Withdrawn status Lost status Damaged status Not for loan Home library Current library Date acquired Total Checkouts Full call number Barcode Checked out Date last seen Price effective from Koha item type
        Central University Of Rajasthan Central University Of Rajasthan 05/09/2016   512.55 S61L 27876 01/01/2018 02/09/2020 02/09/2020 Books